Between heaven and earth: the religious worlds people make and the scholars who study them
Publisher description: Explores the relationships men, women, and children have formed with the Virgin Mary and the saints in twentieth-century American Catholic history, and reflects, more broadly, on how people live in the company of sacred figures and how these relationships shape the ties betwee...
MARC
| LEADER | 00000cam a2200000 c 4500 | ||
|---|---|---|---|
| 001 | 656524162 | ||
| 003 | DE-627 | ||
| 005 | 20251223225214.0 | ||
| 007 | tu | ||
| 008 | 110416s2007 xxu||||| 00| ||eng c | ||
| 020 | |a 069112776X |c : paperback |9 0-691-12776-X | ||
| 020 | |a 9780691127767 |c : paperback |9 978-0-691-12776-7 | ||
| 035 | |a (DE-627)656524162 | ||
| 035 | |a (DE-599)BVBBV026564046 | ||
| 035 | |a (OCoLC)729927174 | ||
| 035 | |a (DE-604)BV026564046 | ||
| 040 | |a DE-627 |b ger |c DE-627 |e rda | ||
| 041 | |a eng | ||
| 044 | |c XD-US |c XA-GB | ||
| 050 | 0 | |a BX1406.3 | |
| 082 | 0 | |a 248.46 | |
| 082 | 0 | |a 235.2071 |q BVB | |
| 084 | |a 0 |2 ssgn | ||
| 084 | |a BE 1240 |2 rvk |0 (DE-625)rvk/10446: | ||
| 084 | |a BO 1920 |q BVB |2 rvk |0 (DE-625)rvk/14059: | ||
| 084 | |a 11.54 |2 bkl | ||
| 100 | 1 | |e VerfasserIn |0 (DE-588)1024635910 |0 (DE-627)72024286X |0 (DE-576)369296737 |4 aut |a Orsi, Robert A. |d 1953- | |
| 109 | |a Orsi, Robert A. 1953- |a Orsi, Robert Anthony 1953- |a Orsi, Robert 1953- | ||
| 245 | 1 | 0 | |a Between heaven and earth |b the religious worlds people make and the scholars who study them |c Robert A. Orsi |
| 250 | |a Second printing, and first paperback printing | ||
| 264 | 1 | |a Princeton |a Oxford |b Princeton University Press |c 2007 | |
| 300 | |a xi, 245 Seiten |b Illustrationen |c 24 cm | ||
| 336 | |a Text |b txt |2 rdacontent | ||
| 337 | |a ohne Hilfsmittel zu benutzen |b n |2 rdamedia | ||
| 338 | |a Band |b nc |2 rdacarrier | ||
| 490 | 0 | |a Princeton paperbacks | |
| 500 | |a Erworben aus Studienqualitätsmitteln | ||
| 505 | 8 | |a Introduction: Jesus held him so close in his love for him that he left the marks of his passion on his body -- "Mildred, is it fun to be a cripple?" : the culture of suffering in mid-twentieth century American Catholicism -- The many names of the mother of God -- Material children : making God's presence real for Catholic boys and girls and for the adults in relation to them -- Two aspects of one life : Saint Gemma Galgani and my grandmother in the wound between devotion and history, the natural and the supernatural -- "Have you ever prayed to Saint Jude?" : reflections on fieldwork in Catholic Chicago -- Snakes alive : religious studies between heaven and earth | |
| 520 | |a Publisher description: Explores the relationships men, women, and children have formed with the Virgin Mary and the saints in twentieth-century American Catholic history, and reflects, more broadly, on how people live in the company of sacred figures and how these relationships shape the ties between people on earth. Author Robert Orsi also considers how scholars of religion occupy the ground in between belief and analysis, faith and scholarship | ||
| 583 | 1 | |a Archivierung prüfen |c 20240324 |f DE-4165 |z 1 |2 pdager | |
| 583 | 1 | |a Archivierung/Langzeitarchivierung gewährleistet |c 20240722 |f NI-LastCopies |x XA-DE-NI |z Potenzieller Alleinbesitz Niedersachsen |2 pdager |5 DE-89 | |
| 610 | 1 | 0 | |a Catholic Church |z United States |x Customs and practices |v Case studies |
| 650 | 0 | |a Catholics |x Religious life |z United States |v Case studies | |
| 650 | 0 | |a Christian saints |x Cult |z United States |v Case studies | |
| 650 | 0 | |a Religion |x Methodology | |
| 689 | 0 | 0 | |d g |0 (DE-588)4078704-7 |0 (DE-627)106076612 |0 (DE-576)209209682 |2 gnd |a USA |
| 689 | 0 | 1 | |d s |0 (DE-588)4030027-4 |0 (DE-627)106272047 |0 (DE-576)20898528X |2 gnd |a Katholizismus |
| 689 | 0 | 2 | |d s |0 (DE-588)4121880-2 |0 (DE-627)105766402 |0 (DE-576)20954693X |2 gnd |a Volksfrömmigkeit |
| 689 | 0 | |5 (DE-627) | |
| 776 | 1 | |z 0691049033 |c : hardback | |
| 787 | 0 | 8 | |i Rezensiert in |a Young, Glenn |t Review: Between Heaven and Earth: The Religious Worlds People Make and the Scholars Who Study Them, by Robert A. Orsi |d 2010 |w (DE-627)1816079499 |
| 787 | 0 | 8 | |i Rezensiert in |a Beaman, Lori G. |t Between Heaven and Earth: The Religious Worlds People Make and the Scholars Who Study Them, by Robert A. Orsi. Princeton: Princeton University Press, 2006, 264 pp.; 18.95 USD (paper) |d 2008 |w (DE-627)1819425401 |
| 936 | r | v | |a BE 1240 |b Allgemeine Methodik |k Theologie und Religionswissenschaften |k Religionswissenschaft |k Allgemeines |k Allgemeine Methodik |0 (DE-627)1270718371 |0 (DE-625)rvk/10446: |0 (DE-576)200718371 |
| 936 | r | v | |a BO 1920 |b Nach Ländern |k Theologie und Religionswissenschaften |k Patrologie und Kirchengeschichte |k Kirchengeschichte nach Sachgebieten |k Frömmigkeitsgeschichte |k Darstellungen: |k Nach Ländern |0 (DE-627)1270744259 |0 (DE-625)rvk/14059: |0 (DE-576)200744259 |
| 936 | b | k | |a 11.54 |j Katholizismus |0 (DE-627)106402668 |
| 951 | |a BO | ||
| ELC | |b 1 | ||
| ORI | |a SA-MARC-ixtheo_oa001.raw | ||
| REL | |a 1 | ||
| STA | 0 | 0 | |a Catholicism,Catholicism,Popular piety,Popular piety,Popular devotion,Religion,Religion in literature,Religions,Religion,USA,USA,Middle West,USA,USA,USA,USA,USA,America,Confederate States of America,Midwest |
| STB | 0 | 0 | |a Catholicisme,Catholicisme,Religion,Religions,Religion,Religiosité populaire,Religiosité populaire |
| STC | 0 | 0 | |a Catolicismo,Catolicismo,Religiosidad popular,Religiosidad popular,Religión,Religión,Religión |
| STD | 0 | 0 | |a Cattolicesimo,Cattolicesimo,Devozione popolare <motivo>,Devozione popolare,Pietà popolare,Pietà popolare,Pietà popolare (motivo),Pietà popolare,Religione,Religione,Religione |
| STE | 0 | 0 | |a 天主教,天主教,罗马公教,罗马公教,宗教,宗教,民间信仰 |
| STF | 0 | 0 | |a 天主教,天主教,羅馬公教,羅馬公教,宗教,宗教,民間信仰 |
| STG | 0 | 0 | |a Catolicismo,Catolicismo,Religiosidade popular,Religiosidade popular,Religião,Religião |
| STH | 0 | 0 | |a Католицизм (мотив),Католицизм,Народные верования (мотив),Народные верования,Религия,Религия (мотив) |
| STI | 0 | 0 | |a Θρησκεία,Θρησκεία (μοτίβο),Καθολικισμός (μοτίβο),Καθολικισμός,Λαϊκή ευσέβεια (μοτίβο),Λαϊκή ευσέβεια |
| SUB | |a REL | ||
| SYE | 0 | 0 | |a Religion,Mystik,Mythologie |
| SYG | 0 | 0 | |a United States,United States of America,Vereinigte Staaten,Vereinigte Staaten von Amerika , United States of America,Vereinigte Staaten von Amerika,Amerika <USA>,United States of America,Vereinigte Staaten von Amerika,Amerika <USA>,USA,USA,Nord,Nördliche Vereinigte Staaten,Nordwestamerika,USA,Nordwest,Pazifischer Nordwesten,Mittlerer Westen,USA,Middle West,Mittelwesten,Midwest,USA,Nordost,Nordöstliche Vereinigte Staaten,USA,Südost,Südöstliche Vereinigte Staaten,USA,Ost,Östliche Vereinigte Staaten,Südwestliche USA,USA,Südweststaaten,Südwestliche Vereinigte Staaten,USA,Südwest,USA,West,Westliche Vereinigte Staaten,Nordamerikanische Südstaaten,Konföderierte Staaten von Amerika,Confederate States of America,Südliche Vereinigte Staaten,Südatlantische Staaten,Südöstliche Staaten,United States of America,Vereinigte Staaten von Amerika,Nordamerika,Amerika,United States,United States of America,Etats Unis,Etats-Unis,Vereinigte Staaten,Estados Unidos de America,EEUU,Vereinigte Staaten von Nordamerika,Soedinennye Štaty Ameriki,SŠA,Stany Zjednoczone Ameryki Północnej,Hēnōmenai Politeiai tēs Boreiu Amerikēs,Hēnōmenes Politeies tēs Amerikēs,HēPA,Ēnōmenes Politeies tēs Amerikēs,ĒPA,Meiguo,Etats-Unis d'Amérique,US , Katholiken , Volksreligiosität,Volksreligiösität,Volksreligiosität,Lived religion |



